European Journal of Language Policy

Detalles Bibliográficos
Formato: Revista
Lenguaje:inglés
Publicado: Liverpool : Liverpool University Press, 2009-
Materias:
Acceso en línea:http://www.vlex.com/source/7307

MARC

LEADER 00000nas a22000007a 4500
005 20130308133733.0
007 cr|||| ||||
008 130308c20099999xxkfr|p s|||| 0|||a1eng d
035 |a 7307 
040 |a vLex 
090 |c 3878  |d 3878 
245 0 0 |a European Journal of Language Policy  |h [Recurso electrn̤ico] 
256 |a Servicio en ln̕ea 
260 |a Liverpool :  |b Liverpool University Press,   |c 2009- 
300 |a 1 Recurso electrn̤ico 
506 |d vLex Global  |d vLex Global (Academic Edition, excluding Law Schools)  |d vLex Global (U.S. Academic Edition, Law Schools)  |d vLex Global (U.S. Academic Edition, excluding Law Schools)  |d vLex Global (Academic Edition, Law Schools) 
650 0 4 |a Lingüs̕tica  |v Revistas 
650 0 4 |a Sociologa̕  |v Revistas 
740 |a vLex Revistas (Servicio en ln̕ea) 
856 |a Acceso restringido  |u http://www.vlex.com/source/7307 
942 |c REV 
999 0 |a Linguistics